00225nam a22000977a 4500040000700000082000800007100003000015245005000045260002300095300000900118 cSY a155 aវុន វ៉ារី aភាពជាអ្នកដឹកនាំ aRUAbវុនcNA a66p.